<?xml version="1.0" encoding="UTF-8"?><?xml-stylesheet type="text/xsl" href="static/style.xsl"?><OAI-PMH xmlns="http://www.openarchives.org/OAI/2.0/" xmlns:xsi="http://www.w3.org/2001/XMLSchema-instance" xsi:schemaLocation="http://www.openarchives.org/OAI/2.0/ http://www.openarchives.org/OAI/2.0/OAI-PMH.xsd"><responseDate>2026-04-27T20:16:26Z</responseDate><request verb="GetRecord" identifier="oai:uvadoc.uva.es:10324/7873" metadataPrefix="marc">https://uvadoc.uva.es/oai/request</request><GetRecord><record><header><identifier>oai:uvadoc.uva.es:10324/7873</identifier><datestamp>2021-06-18T10:29:23Z</datestamp><setSpec>com_10324_38</setSpec><setSpec>col_10324_787</setSpec></header><metadata><record xmlns="http://www.loc.gov/MARC21/slim" xmlns:doc="http://www.lyncode.com/xoai" xmlns:xsi="http://www.w3.org/2001/XMLSchema-instance" xmlns:dcterms="http://purl.org/dc/terms/" xsi:schemaLocation="http://www.loc.gov/MARC21/slim http://www.loc.gov/standards/marcxml/schema/MARC21slim.xsd">
<leader>00925njm 22002777a 4500</leader>
<datafield tag="042" ind1=" " ind2=" ">
<subfield code="a">dc</subfield>
</datafield>
<datafield tag="720" ind1=" " ind2=" ">
<subfield code="a">Mahamud Gutiérrez, Ana</subfield>
<subfield code="e">author</subfield>
</datafield>
<datafield tag="260" ind1=" " ind2=" ">
<subfield code="c">2014</subfield>
</datafield>
<datafield tag="520" ind1=" " ind2=" ">
<subfield code="a">Se realiza una valoración del aprendizaje de los alumnos de 4º de E.S.O. de las ecuaciones de la recta en el plano, a través de las pruebas formales y preformales. Nuestro objetivo es establecer si las pruebas preformales son más comprensibles para los alumnos que las pruebas formales. Se realiza un estudio del currículo legal y de un par de textos sobre el tema de estudio. Se describen trabajos sobre la demostración matemática, que la clasifican según sus funciones, niveles, tipo y grados de abstracción. Se presenta la metodología de Stake del estudio de casos, que seguirá esta investigación. Además, se describe la planificación y desarrollo de la enseñanza, las herramientas de recogida de datos y un análisis de éstos, y se muestran las conclusiones extraídas.</subfield>
</datafield>
<datafield tag="024" ind2=" " ind1="8">
<subfield code="a">http://uvadoc.uva.es/handle/10324/7873</subfield>
</datafield>
<datafield ind1=" " ind2=" " tag="653">
<subfield code="a">Ecuaciones</subfield>
</datafield>
<datafield ind1=" " ind2=" " tag="653">
<subfield code="a">Matemáticas - Estudio y enseñanza</subfield>
</datafield>
<datafield tag="245" ind1="0" ind2="0">
<subfield code="a">Valoración del aprendizaje de las ecuaciones de la recta en el plano a través de pruebas formales y pruebas preformales</subfield>
</datafield>
</record></metadata></record></GetRecord></OAI-PMH>